00900nam a2200133 4500003000900000005001700009008004100026040001300067245011600080250001000196260002000206300001800226520052200244IT-RoPau20220918181102.0130312b xxu||||| |||| 00| 0 eng d cIT-RoPau aComposizione delle Società del Gruppo San Paolo Allegato al "San Paolo Provincia Italia" n.4 - Settembre ' 99 a1°ed aRomabSSPc1999 a16 pp.c21 cm aIndice Presentazione Società San Paolo / SSP Editoriale San Paolo S.R.L. / ESP Audiovisivi San Paolo S.R.L. / ESP* Gete S.R.L.* Club 3 S.R.L. Diffusione San Paolo S.R.L. / DiSP Editrice SAIE S.R.L. Edizioni San Paolo S.R.L. / SPE Gazzetta d'Alba S.R.L. Novaradio A S.R.L. S.A.S.P. S.R.L. - Società Apostolato San Paolo* S.P.C.I.S. S.R.L. - Studio Paolino Internazionale della Comunicazione Sociale Associazione Don Giuseppe Zilli (E.M) per la Famiglia e le comunicazioni sociali ST. Pauls International S.P.A.*